Life in the rainforests : (Record no. 3794)

MARC details
000 -LEADER
fixed length control field 00980pam a2200289 a 4500
005 - DATE AND TIME OF LATEST TRANSACTION
control field 20240508102201.0
020 ## - INTERNATIONAL STANDARD BOOK NUMBER
International Standard Book Number 9780590461313
040 ## - CATALOGING SOURCE
Original cataloging agency DLC
Transcribing agency DLC
Modifying agency DLC
Language of cataloging eng
050 00 - LIBRARY OF CONGRESS CALL NUMBER
Classification number QH541.5.R27
082 00 - DEWEY DECIMAL CLASSIFICATION NUMBER
Classification number 577.34
100 1# - MAIN ENTRY--PERSONAL NAME
Personal name Baker, Lucy
Dates associated with a name 1964-
245 10 - TITLE STATEMENT
Title Life in the rainforests :
Statement of responsibility, etc. Lucy Baker
Remainder of title Animals , people , plants /
250 ## - EDITION STATEMENT
Edition statement First Scholastic printing , March 1993
260 ## - PUBLICATION, DISTRIBUTION, ETC.
Place of publication, distribution, etc. New York :
Name of publisher, distributor, etc. Scholastic ;
Date of publication, distribution, etc. 1990
300 ## - PHYSICAL DESCRIPTION
Extent 31 pages :
Other physical details color illustrations ;
Dimensions 28 cm.
490 ## - SERIES STATEMENT
Series statement Life in The...
505 ## - FORMATTED CONTENTS NOTE
Formatted contents note Z <br/>
520 ## - SUMMARY, ETC.
Summary, etc. Describes the importance of rain forests, types of plant and animal life that live there, and how rain forests are threatened by deforestation.
521 ## - TARGET AUDIENCE NOTE
Target audience note 980 <br/>
Source Lexile <br/>
521 ## - TARGET AUDIENCE NOTE
Target audience note Z <br/>
Source Raz-Plus <br/>
650 #0 - SUBJECT ADDED ENTRY--TOPICAL TERM
Topical term or geographic name entry element Rain forest ecology
General subdivision Juvenile literature.
650 #1 - SUBJECT ADDED ENTRY--TOPICAL TERM
Topical term or geographic name entry element Rain forest ecology.
650 #1 - SUBJECT ADDED ENTRY--TOPICAL TERM
Topical term or geographic name entry element Ecology.
906 ## - LOCAL DATA ELEMENT F, LDF (RLIN)
a 7
b cbc
c orignew
d 1
e ocip
f 19
g y-gencatlg
942 ## - ADDED ENTRY ELEMENTS (KOHA)
Source of classification or shelving scheme Dewey Decimal Classification
Koha item type Books
Suppress in OPAC No
999 ## -
-- 3794
-- 3794
Holdings
Withdrawn status Lost status Source of classification or shelving scheme Damaged status Not for loan Collection Home library Current library Shelving location Date acquired Total Checkouts Full call number Barcode Date last seen Copy number Price effective from Koha item type
    Dewey Decimal Classification     Non-Fiction Footprints International School Library Network Toul Kork Campus Footprints International School Library Network Toul Kork Campus TTP Secondary Non-Fiction Bookshelves 05/08/2024   BAK 577.34 QH541.R27 FIS01396 01/20/2025 2 05/08/2024 Books
    Dewey Decimal Classification     Non-Fiction Footprints International School Library Network Toul Tom Poung Campus Footprints International School Library Network Toul Tom Poung Campus TTP Secondary Non-Fiction Bookshelves 05/08/2024   BAK 577.34 QH541.R27 FISTK04070 05/08/2024 1 05/08/2024 Books
    Dewey Decimal Classification     Non-Fiction Footprints International School Library Network Toul Tom Poung Campus Footprints International School Library Network Toul Tom Poung Campus TTP Secondary Non-Fiction Bookshelves 07/29/2025   BAK 577.34 QH541.R27 FISBK06086 07/29/2025 3 07/29/2025 Books
    Dewey Decimal Classification     Non-Fiction Footprints International School Library Network Toul Tom Poung Campus Footprints International School Library Network Toul Tom Poung Campus TTP Secondary Non-Fiction Bookshelves 09/11/2025   BAK 577.34 QH541.R27 FIS04847 09/11/2025 4 09/11/2025 Books